_Risk Management Rene M. Stulz (Record no. 5533)
[ view plain ]
| 000 -LEADER | |
|---|---|
| fixed length control field | 00410nam a2200145Ia 4500 |
| 008 - FIXED-LENGTH DATA ELEMENTS--GENERAL INFORMATION | |
| fixed length control field | 151021s9999 xx 000 0 und d |
| 020 ## - INTERNATIONAL STANDARD BOOK NUMBER | |
| International Standard Book Number | 9.7881315019e+012 |
| 050 ## - LIBRARY OF CONGRESS CALL NUMBER | |
| Classification number | HG6024 .S 2003 |
| 245 ## - TITLE STATEMENT | |
| Title | _Risk Management Rene M. Stulz |
| 260 ## - PUBLICATION, DISTRIBUTION, ETC. (IMPRINT) | |
| Place of publication, distribution, etc. | New Delhi Cengage learning 2003 |
| 300 ## - PHYSICAL DESCRIPTION | |
| Extent | xvii,676p.:ill |
| 500 ## - GENERAL NOTE | |
| General note | Includes index. |
| 650 ## - SUBJECT ADDED ENTRY--TOPICAL TERM | |
| Topical term or geographic name as entry element | _Risk management |
| 980 ## - EQUIVALENCE OR CROSS-REFERENCE-SERIES STATEMENT--PERSONAL NAME/TITLE [LOCAL, CANADA] | |
| Personal name | ^d20101208 12:14:48^oanne |
No items available.